Juz Amma : terjemahan Juz terakhir al-Quran

Bibliographic Details
Main Author: Maruwiah Ahmat
Format: Book
Published: KL : Synergy Media , [s.n]
Series:Siri hidayah Islam
Subjects:

MARC

LEADER 00000cam a2200000 7i4500
001 0000035343
005 20130205.0
008 130205
020 |a 9673220434 
090 0 0 |a 297.07125957   |b MAR 
100 0 |a Maruwiah Ahmat 
245 1 0 |a Juz Amma :   |b terjemahan Juz terakhir al-Quran   |c Maruwiah Ahmat 
260 |a KL :   |b Synergy Media ,   |c [s.n] 
440 |a Siri hidayah Islam 
650 0 |a Islam 
650 0 |a Koran 
999 |a 0001064565   |b Book   |c Adult Collection   |e Cawangan Taman Sri Lambak 
999 |a 0001153689   |b Book   |c Adult Collection   |e Perbadanan Perpustakaan Awam Johor 
999 |a 0001153690   |b Book   |c Adult Collection   |e Perbadanan Perpustakaan Awam Johor 
999 |a 0001153691   |b Book   |c Adult Collection   |e Perbadanan Perpustakaan Awam Johor 
999 |a 0001153692   |b Book   |c Adult Collection   |e Cawangan Sri Merlong